000 00755nam a2200205Ii 4500
003 JO-AjNU
008 230605s9999||||xx |||||||||||||| ||und||
017 _a1998/9/1569
040 _aJO-AjNU
_bara
_erda
_cJO-AjNU
041 _aara
050 1 4 _aHD58.7.1999
100 3 _aالنوري،قيس,
_eauthor
_930306
245 0 0 _aالسلوك الاداري:وخلفياته الاجتماعية
264 3 1 _aاربد:مؤسسة حمادة للخدمات والدراسات الجامعية،دار الكندي للنشر والتوزيع،1999
300 _a359ص
336 _atext
_btxt
_2rdacontent
337 _aunmediated
_bn
_2rdamedia
338 _avolume
_bnc
_2rdacarrier
650 4 _aالانثروبولوجيا الاجتماعية
_930307
999 _aA11998
_c15566
_d15566